000 00781nas a2200241 4500
001 BR9507342
003 BR-BrBNA
005 20231205095426.0
007 ta
008 230509b bl.|||p| |||| 00| 00por d
040 _aBR-BrBNA
_bpor
_cBiblioteca Nacional de Agricultura
041 _a(Pt)
072 _aL70
100 1 _aMegale, F.
245 1 _aPeritonioscopia aplicada ao exame clinico dos orgaos genitais internos da ovelha e da cabra
650 _aOvino
650 _aCaprino
650 _aAparelho Reprodutor
650 _aPeritoneoscopia
773 0 _tArquivos da Escola Superior de Veterinaria da Universidade Rural do Estado de Minas Gerais (Brazil)
_x
_g(1957), v. 10 p. 251-278
_wBR9507342
909 _a202311
_bLúcia
_c55
_dLúcia Elande
942 _2AGRIS
_n0
_cANA
999 _c150590
_d150590